000 00748nam a22001697a 4500
999 _c97361
_d97361
005 20190318141945.0
010 _a1819HN15
020 _c550.00
_a9789382196198
037 _bशारदा प्रकाशन
100 _aस्याल, शान्ति कुमार
245 _aकार्यालयीन पत्र-व्यवहार /
_cशान्ति कुमार स्याल
260 _aनई दिल्ली
_bशारदा प्रकाशन
_c2019
270 _aएफ-3/16, अंसारी रोड, दरियागंज,
_bनई दिल्ली
_e110002
300 _a190पृ.
_c22 सेमी (सजिल्द)
500 _aAIRPORT
942 _cHN
_2ddc
_mस्यालशा